[Event "Nova Gorica (Women)"]
[Site "Nova Gorica"]
[Date "1992.??.??"]
[Round "?"]
[White "Krmelj, Natasa"]
[Black "Grinfeld, Alla B"]
[Result "1/2-1/2"]
[WhiteElo "2130"]
[BlackElo "2230"]

1.d4 d5 2.c4 dxc4 3.Nf3 a6 4.e3 Nf6 5.Bxc4 e6 6.O-O c5 7.Qc2 b5 8.Be2 Nbd7
9.Nbd2 Bb7 10.b3 Rc8 11.Qb1 Be7 12.Bb2 O-O 13.Qd3 Qc7 14.Rac1 Qb8 15.Qb1 Rfd8
16.Rfd1 Qa8 17.Bd3 h6 18.Ne1 cxd4 19.Bxd4 Nc5 20.Be2 Nce4 21.Rxc8 Rxc8 22.Nxe4 Nxe4
23.Qb2 Bf8 24.f3 Nd6 25.Bd3 f5 26.Rc1 Nf7 27.Rxc8 Qxc8 28.Qc3 Qd7 29.Be2 Nd8
30.Nd3 Nc6 31.Bc5 Ne7 32.Ne5 Qc8 33.Bd4 Qxc3 34.Bxc3 Nd5 35.Bd4 Nb4 36.a4 bxa4
37.bxa4 Nc2 38.Bb6 Nb4 39.Nd7 Nd5 40.Bd4 Kf7 41.Kf2 Bd6 42.Ne5+ Kf8 43.h4 Bxe5
44.Bxe5 h5 45.Bd4 g6 46.Bc4 Ke7 47.f4 Kd7 48.g3 Nc7 49.Ke2 Bc6 50.Be5 Nd5
51.Bxd5  1/2-1/2

[Event "Odorheiu Secuiesc"]
[Site "Odorheiu Secuiesc"]
[Date "1992.??.??"]
[Round "?"]
[White "Rogozenko, Dorin"]
[Black "Varga, Zoltan"]
[Result "1/2-1/2"]
[WhiteElo "2305"]
[BlackElo "2410"]

1.d4 d5 2.c4 dxc4 3.Nf3 a6 4.e3 Nf6 5.Bxc4 e6 6.O-O c5 7.a4 Nc6 8.Qe2 Qc7
9.Nc3 Bd6 10.Bd2 O-O 11.d5 exd5 12.Nxd5 Nxd5 13.Bxd5 Bg4 14.h3 Bh5 15.Bc3 Ne7
16.Bc4 Qc6 17.Rad1 Rad8 18.b3 Bb8 19.g4 Bg6 20.Ne5 Bxe5 21.Bxe5 Be4 22.Rxd8 Rxd8
23.f3 Bd5 24.Rd1 Rd7 25.Bxd5 Rxd5 26.e4 Rd7 27.Rd3 Ng6 28.Bg3 Nf8 29.Qd1 Rxd3
30.Qxd3 Ne6 31.Bf2 g6 32.Qd5 Qb6 33.Be3 Qb4 34.Kf2 Kg7 35.f4 Qc3 36.f5 Nd4
37.f6+ Kxf6 38.Bg5+ Kg7 39.Qe5+ Kg8 40.Qe8+ Kg7 41.Qe5+ Kg8  1/2-1/2

[Event "Odorheiu Secuiesc"]
[Site "Odorheiu Secuiesc"]
[Date "1992.??.??"]
[Round "?"]
[White "Ionescu, Constantin"]
[Black "Kiss, Pal"]
[Result "1/2-1/2"]
[WhiteElo "2465"]
[BlackElo "2410"]

1.d4 d5 2.c4 dxc4 3.Nf3 c5 4.d5 e6 5.e4 Nf6 6.Nc3 exd5 7.exd5 Bd6 8.a4 O-O
9.Bxc4 a6 10.O-O Bf5 11.Bg5 Nbd7 12.Re1 Qc7 13.Bh4 Rfe8 14.Bg3 Rxe1+ 15.Qxe1 Re8
16.Qd1 Bg4 17.a5 Ne5  1/2-1/2

[Event "Oostende op"]
[Site "Oostende"]
[Date "1992.??.??"]
[Round "9"]
[White "Naumkin, Igor"]
[Black "Sadler, Matthew"]
[Result "0-1"]
[WhiteElo "2430"]
[BlackElo "2515"]

1.d4 d5 2.c4 dxc4 3.Nf3 a6 4.e3 Nf6 5.Bxc4 e6 6.a4 c5 7.O-O Nc6 8.Qe2 cxd4
9.Rd1 Be7 10.exd4 O-O 11.Nc3 Nd5 12.Bb3 Re8 13.Ne5 Nxc3 14.bxc3 Nxe5 15.dxe5 Qc7
16.Rd3 Bd7 17.Rh3 g6 18.Bh6 Red8 19.Qe3 Qc5 20.Qf4 Bc6 21.Re1 b5 22.Bc2 Qc4
23.Qg3 bxa4 24.Bg5 Qc5 25.Rxh7 Kxh7 26.Qh4+ Kg8 27.Bxe7 Qxc3 28.Rf1 Rd4 29.Qh6 Rg4
30.f3 Qxc2 31.g3 g5 32.Bf6 Qh7 33.Qxh7+ Kxh7 34.fxg4 Rb8 35.Rc1 Bd5 36.Be7 Kg7
37.h4 Rb3 38.h5 Rxg3+ 39.Kf2 Rxg4 40.Rc8 Rf4+ 41.Kg3 Rf5 42.Bf6+ Rxf6 43.exf6+ Kxf6
44.Rc3 Kg7 45.Ra3 Bb3 46.Kg4 Kh6  0-1

[Event "Paris-ch"]
[Site "Paris"]
[Date "1992.??.??"]
[Round "7"]
[White "Ikonnikov, Vyacheslav"]
[Black "Afek, Yochanan"]
[Result "1-0"]
[WhiteElo "2490"]
[BlackElo "2340"]

1.d4 d5 2.Nf3 c5 3.c4 dxc4 4.d5 e6 5.Nc3 exd5 6.Qxd5 Qxd5 7.Nxd5 Na6 8.e4 Ne7
9.Bf4 Nxd5 10.exd5 b5 11.O-O-O f6 12.a4 Nb4 13.axb5 Nd3+ 14.Bxd3 cxd3 15.Rxd3 Bd7
16.d6 Rb8 17.Ra3 Rb7 18.Nd2 g5 19.Bg3 f5 20.Re1+ Kf7 21.Be5 Rg8 22.Nb3 Rxb5
23.Rxa7 Rxb3 24.Rxd7+ Kg6 25.Bc3  1-0

[Event "Ramat Hasharon"]
[Site "Ramat Hasharon"]
[Date "1992.??.??"]
[Round "3"]
[White "Zilberman, Yaacov"]
[Black "Varga, Zoltan"]
[Result "1/2-1/2"]
[WhiteElo "2490"]
[BlackElo "2480"]

1.d4 d5 2.c4 dxc4 3.Nf3 a6 4.e3 Nf6 5.Bxc4 e6 6.a4 c5 7.O-O Nc6 8.Qe2 Qc7
9.Nc3 Bd6 10.Rd1 O-O 11.h3 Re8 12.b3 b6 13.Bb2 Bb7 14.d5 exd5 15.Nxd5 Nxd5
16.Bxd5 Rad8 17.Rac1 h6 18.Qc4 Na5 19.Qc3 Bf8 20.Bxb7 Qxb7 21.Ne5 Rd5 22.Rxd5 Qxd5
23.Nc4 Nxc4 24.bxc4 Qc6  1/2-1/2

[Event "Ramat Hasharon"]
[Site "Ramat Hasharon"]
[Date "1992.??.??"]
[Round "6"]
[White "Kaspi, Alexander"]
[Black "Varga, Zoltan"]
[Result "1-0"]
[WhiteElo "2425"]
[BlackElo "2480"]

1.d4 d5 2.c4 dxc4 3.Nf3 a6 4.e3 Nf6 5.Bxc4 e6 6.O-O c5 7.a4 Nc6 8.Nc3 Bd6
9.Qe2 Qc7 10.Rd1 O-O 11.h3 Re8 12.dxc5 Bxc5 13.e4 Nd7 14.Ba2 b6 15.e5 Bb7
16.Bf4 Nb4 17.Bb1 Nd5 18.Nxd5 Bxd5 19.Qc2 g6 20.b4 Bxf3 21.gxf3 Nxe5 22.Qe4 Bd6
23.Rxd6 Qxd6 24.Bxe5 Qe7 25.Qf4 Rac8 26.Bd3 a5 27.Bb5 g5 28.Qf6  1-0

[Event "Ramat Hasharon"]
[Site "Ramat Hasharon"]
[Date "1992.??.??"]
[Round "7"]
[White "Zilberman, Yaacov"]
[Black "Ben Menachem, Itzhak"]
[Result "1/2-1/2"]
[WhiteElo "2490"]
[BlackElo "2305"]

1.d4 d5 2.c4 dxc4 3.Nf3 a6 4.e3 Nf6 5.Bxc4 e6 6.O-O c5 7.a4 Nc6 8.Qe2 cxd4
9.Rd1 Be7 10.exd4 O-O 11.Nc3 Nb4 12.Ne5 b6 13.Qf3 Ra7 14.Qh3 Rc7 15.Bb3 Nfd5
16.Bd2 Bb7 17.Rac1 Bg5 18.Nxd5 Rxc1 19.Bxc1 Nxd5 20.Bxg5 Qxg5 21.Qg3 Qxg3
22.hxg3 Rc8 23.Nd7 Rc7 24.Bxd5 Rxd7 25.Bxb7 Rxb7 26.d5 exd5 27.Rxd5 Kf8 28.Rd8+ Ke7
29.Rg8 g6 30.g4 a5 31.b3 b5 32.Ra8 bxa4 33.bxa4 Rb1+ 34.Kh2 Rb4 35.Rxa5 Rxg4
36.Ra7+ Kf6 37.a5 Ra4 38.a6 h5 39.Ra8 h4  1/2-1/2

[Event "Ramat Hasharon"]
[Site "Ramat Hasharon"]
[Date "1992.??.??"]
[Round "11"]
[White "Slutzky, Leonid"]
[Black "Ben Menachem, Itzhak"]
[Result "0-1"]
[WhiteElo "2265"]
[BlackElo "2305"]

1.d4 d5 2.c4 dxc4 3.Nf3 a6 4.e3 Nf6 5.Bxc4 e6 6.O-O c5 7.Bb3 Nc6 8.Qe2 cxd4
9.Rd1 Be7 10.exd4 O-O 11.Nc3 Na5 12.Bc2 b5 13.Bg5 Bb7 14.d5 Bxd5 15.Nxd5 exd5
16.Nd4 Re8 17.Nf5 Nc6 18.Qf3 Ne5 19.Qh3 Ng6 20.Re1 Bf8 21.Qf3 Qa5 22.Red1 Ne4
23.Be3 Rad8 24.Bd4 Qc7 25.Bb3 Qf4 26.Qxf4 Nxf4 27.Be3 Ne2+ 28.Kf1 d4 29.Nxd4 Nxd4
30.Bxd4 Bb4 31.Be3 Nd2+ 32.Ke2 Nxb3 33.Rxd8 Rxd8 34.axb3 a5 35.Rc1 f6 36.Rc6 Kf7
37.Rc7+ Kg6 38.Rb7 Rd5 39.Ra7 h5 40.h3 h4 41.Ra6 Kf5 42.Kf3 Rd3 43.Rb6 Rxb3
44.Rxb5+ Kg6 45.Ke4 Rxb2 46.Bd4 Ra2 47.Rb7 Be1 48.f4 Bf2 49.f5+ Kh6 50.Bc3 Ra4+
51.Kd5 Ra3 52.Kc4 Be3 53.Rb5 a4 54.Rb8 Kh7 55.Rb2 Bf4 56.Rf2 Bc7 57.Rb2 Kh6
58.Re2 Bf4 59.Re4 Kg5 60.Re7 Kxf5 61.Rxg7 Ra2 62.Ra7 Rxg2 63.Rxa4 Rg3 64.Ra2 Rxh3
65.Rf2 Rxc3+ 66.Kxc3 Ke4 67.Rf1 h3 68.Re1+ Kf3 69.Rf1+ Ke3 70.Kc4 h2 71.Kd5 f5
72.Ke6 Ke4 73.Ra1 Be3 74.Ra4+ Bd4  0-1

[Event "Rishon Le Ziyyon"]
[Site "Rishon Le Ziyyon"]
[Date "1992.??.??"]
[Round "1"]
[White "Zilberman, Yaacov"]
[Black "Greenfeld, Alon"]
[Result "1/2-1/2"]
[WhiteElo "2490"]
[BlackElo "2535"]

1.d4 d5 2.c4 dxc4 3.Nf3 a6 4.e3 e6 5.Bxc4 Nf6 6.a4 c5 7.O-O Nc6 8.Qe2 cxd4
9.Rd1 Be7 10.exd4 O-O 11.Bg5 h6 12.Bh4 Nh5 13.Bxe7 Nxe7 14.Ne5 Nf6 15.Nc3 Bd7
16.d5 exd5 17.Nxd5 Nexd5 18.Bxd5 Qe7 19.Bxb7 Bxa4 20.Rxa4 Qxb7 21.Ng4 Nxg4
22.Rxg4 Rfe8  1/2-1/2

[Event "Rishon Le Ziyyon"]
[Site "Rishon Le Ziyyon"]
[Date "1992.??.??"]
[Round "4"]
[White "Hebden, Mark"]
[Black "Afek, Yochanan"]
[Result "0-1"]
[WhiteElo "2510"]
[BlackElo "2365"]

1.d4 d5 2.c4 dxc4 3.Nf3 c5 4.d5 e6 5.Nc3 exd5 6.Qxd5 Qxd5 7.Nxd5 Na6 8.e4 Ne7
9.Bxc4 Nxd5 10.exd5 Bd6 11.O-O Nc7 12.Re1+ Kf8 13.a4 b6 14.b4 cxb4 15.a5 b5
16.Bb3 Bb7 17.Nd4 Re8 18.Bd2 Bxd5 19.Nf5 Bxb3 20.Nxd6 Rxe1+ 21.Rxe1 Be6 22.Bxb4 Na6
23.Bc3 b4 24.Bd4 Ke7 25.Nf5+ Kd7 26.Nxg7 Rc8 27.Nxe6 fxe6 28.Kf1 Rc7 29.g4 Rc4
30.Rd1 Kc6 31.g5 Nc5 32.Be3 b3 33.Rb1 Rb4 34.Bd2 Rh4 35.Kg2 Rc4 36.Be3 Rc3
37.h4 e5 38.Kf3 Kd5 39.Kg4 Nd3 40.Bxa7 b2 41.Be3 Ra3 42.Kh5 Ra1 43.Rxb2 Nxb2
44.Kh6 Nc4 45.h5 Nxe3 46.fxe3 Rg1 47.g6 hxg6 48.hxg6 Ke6 49.Kg7 e4 50.a6 Kf5  0-1

[Event "Shenzhen"]
[Site "Shenzhen"]
[Date "1992.??.??"]
[Round "2"]
[White "Lin Weiguo"]
[Black "Ye Rongguang"]
[Result "1-0"]
[WhiteElo "2495"]
[BlackElo "2540"]

1.d4 d5 2.c4 dxc4 3.Nf3 a6 4.e4 b5 5.Nc3 Bb7 6.a4 b4 7.Na2 e6 8.Bd2 a5 9.Qb1 Nc6
10.Bxc4 Nxd4 11.Nxd4 Qxd4 12.Bb5+ c6 13.Be3 Qf6 14.Bc4 Nh6 15.h3 Bd6 16.Nc1 Bf4
17.Bxf4 Qxf4 18.O-O O-O 19.Qc2 c5 20.Re1 Rfd8 21.Nb3 Qe5 22.Bb5 Rdc8 23.Rac1 Kh8
24.f3 Rc7 25.Qf2 c4 26.Qb6 c3 27.Nxa5 Bc8 28.Nc6 Qg3 29.bxc3 Bd7 30.Red1 Rac8
31.Na7 Rxa7 32.Qxa7 Bxb5 33.axb5 bxc3 34.Rxc3 Rxc3 35.Qa8+ Ng8 36.Qxg8+  1-0

[Event "Simferopol (Women)"]
[Site "Simferopol"]
[Date "1992.??.??"]
[Round "53"]
[White "Danielian, Elina"]
[Black "Semenova, Lidia K"]
[Result "0-1"]
[WhiteElo "2135"]
[BlackElo "2225"]

1.d4 d5 2.c4 dxc4 3.Nf3 a6 4.e3 Bg4 5.Bxc4 e6 6.O-O Nf6 7.a4 Bd6 8.h3 Bh5
9.Nc3 Nbd7 10.e4 Bxf3 11.Qxf3 e5 12.d5 O-O 13.Ne2 Re8 14.Ng3 g6 15.Bg5 Be7
16.h4 h5 17.Rac1 Nb6 18.Bb3 Qd6 19.Qc3 Rac8 20.f4 Nbd7 21.f5 Kg7 22.Kh1 Nh7
23.Qe3 Bf6 24.Rf3 Qe7 25.fxg6 fxg6 26.Rcf1 Bxg5 27.Rf7+ Qxf7 28.Rxf7+ Kxf7
29.hxg5 Kg7 30.Bd1 Rf8 31.Bf3 a5 32.Nf1 Rf7 33.Nd2 Rcf8 34.Be2 b6 35.Nf3 Re7
36.Bb5 Nc5 37.Nxe5 Rxe5 38.Qd4 Nd3 39.Bxd3 Re8 40.d6 cxd6 41.Qxb6 Nxg5 42.Qxd6 Kh6
43.Kh2 h4 44.Qb6 R8e7 45.Qf2 h3 46.gxh3 Rf7 47.Qc2 Nf3+ 48.Kh1 Rg5 49.Qc1 Kh7
50.Be2 Rg1+ 51.Qxg1 Nxg1 52.Kxg1 Rf4 53.b3 Rxe4 54.Bc4 Re3 55.Kg2 Kh6 56.Bd5 Kg5
57.Bf7 Re7 58.Bd5 Kh4 59.Bc4 g5 60.Bb5 Re3 61.Bd7 Rxb3 62.Be6 Rg3+ 63.Kh2 Ra3
64.Bd7 Ra2+ 65.Kg1 Kg3 66.Kf1 Rd2 67.Bf5 Rf2+  0-1

[Event "Stare Mesto op"]
[Site "Stare Mesto"]
[Date "1992.??.??"]
[Round "?"]
[White "Semakin, Anatolij"]
[Black "Shalamberidze, Akaki"]
[Result "1-0"]
[WhiteElo "2285"]
[BlackElo "2325"]

1.d4 d5 2.c4 dxc4 3.Nf3 c5 4.Na3 cxd4 5.Qxd4 Qxd4 6.Nxd4 Bd7 7.Nxc4 f6 8.a4 Nc6
9.Nxc6 Bxc6 10.Na5 Bd5 11.f3 O-O-O 12.e4 Bf7 13.Be3 e5 14.Bc4 Bxc4 15.Nxc4 Kb8
16.Ke2 Bb4 17.f4 exf4 18.Bxf4+ Ka8 19.a5 a6 20.Nb6+ Ka7 21.Ra4 Bf8 22.Rc4 Ne7
23.Bc7 Re8 24.Rd1 Nc6 25.Rxc6 bxc6 26.Rd7 Rb8 27.Be5+ Rb7 28.Nc8+ Ka8 29.Rd8 Bc5
30.Rxh8 Rb4 31.Nb6+ Ka7 32.Ra8+ Kb7 33.Rb8+  1-0

[Event "SWZ-GP Suhr"]
[Site "Suhr"]
[Date "1992.??.??"]
[Round "1"]
[White "Huss, Andreas"]
[Black "Kamber, Bruno"]
[Result "1/2-1/2"]
[WhiteElo "2370"]
[BlackElo "2290"]

1.d4 d5 2.c4 dxc4 3.Nf3 c5 4.d5 Nf6 5.Nc3 e6 6.e4 exd5 7.exd5 a6 8.a4 Bd6
9.Bxc4 O-O 10.O-O Bg4 11.h3 Bxf3 12.Qxf3 Nbd7 13.b3 Re8 14.Bg5 Qe7 15.Bh4 Qf8
16.Rfe1 Rxe1+ 17.Rxe1 Re8 18.Re3 Rxe3 19.Qxe3 Qe8 20.Qxe8+ Nxe8 21.Ne4 Kf8
22.g4 h6 23.Bd8 Be5 24.Kg2 Nd6 25.Kf3 Ke8 26.Nxd6+ Bxd6 27.Ba5 Ke7 28.Bd2 Be5
29.h4 Kd6 30.g5 hxg5 31.hxg5 f6 32.Ke4 fxg5 33.Bxg5 Nf6+  1/2-1/2

[Event "SWZ-GP Suhr"]
[Site "Suhr"]
[Date "1992.??.??"]
[Round "7"]
[White "Giertz, Niklaus"]
[Black "Kamber, Bruno"]
[Result "0-1"]
[WhiteElo "2255"]
[BlackElo "2290"]

1.d4 d5 2.c4 dxc4 3.Nf3 c5 4.e3 Nf6 5.Bxc4 e6 6.O-O a6 7.a3 b5 8.Ba2 Bb7
9.Qe2 Nc6 10.Rd1 Qc7 11.dxc5 Bxc5 12.b4 Bd6 13.Bb2 O-O 14.Nbd2 Rac8 15.Rac1 Rfd8
16.Nb3 Qe7 17.Bb1 Ba8 18.h3 h6 19.Rd2 a5 20.bxa5 Bxa3 21.Rxd8+ Rxd8 22.Nfd4 Bxb2
23.Qxb2 Ne5 24.Nc5 Rc8 25.Qxb5 Nfd7 26.Ncb3 Rxc1+ 27.Nxc1 Qg5 28.Qf1 Nc4
29.Ncb3 Nxa5 30.Nxa5 Qxa5 31.Qb5 Qc7 32.Qf1 Nc5 33.Qe1 g6 34.Qd1 Qb6 35.Bc2 Qb7
36.Nf3 Qe7 37.Ne1 e5 38.Qg4 Kg7 39.Qd1 Qf6 40.Qa1 Bb7 41.Nd3 Nd7 42.Qc3 Qg5
43.Ne1 Nf6 44.Bb3 Qf5 45.Qc7 Bd5 46.Bxd5 Nxd5 47.Qc4 Qb1 48.Qxd5 Qxe1+ 49.Kh2 Qxf2
50.Qxe5+ Qf6 51.Qf4 g5 52.Qxf6+ Kxf6 53.Kg3 Kf5 54.Kf3 h5 55.g4+ hxg4+ 56.hxg4+ Ke5
57.Ke2 Ke4 58.Kf2 Kd3 59.Kf3 f6 60.Kf2 Kd2 61.Kf3 Ke1 62.e4 Kf1 63.e5 fxe5
64.Ke4 Kf2  0-1

[Event "Tel Aviv-B"]
[Site "Tel Aviv"]
[Date "1992.??.??"]
[Round "7"]
[White "Elbilia, Jacques"]
[Black "Afek, Yochanan"]
[Result "1/2-1/2"]
[WhiteElo "2220"]
[BlackElo "2340"]

1.d4 d5 2.c4 dxc4 3.Nf3 c5 4.e4 e6 5.Bxc4 cxd4 6.Qxd4 Bb4+ 7.Bd2 Bxd2+ 8.Nbxd2 Qxd4
9.Nxd4 a6 10.e5 Nd7 11.f4 b5 12.Be2 Bb7 13.a4 bxa4 14.O-O Nb6 15.Nc4 Nxc4
16.Bxc4 Ne7 17.Rxa4 O-O 18.Rfa1 Rab8 19.b3 Rfd8 20.Ne2 Nd5 21.Kf2 Kf8 22.g3 Ke7
23.Rc1 Rd7 24.Rd1 Rdd8 25.Rd3 Rd7 26.Bxa6 Bxa6 27.Rxa6 Rc7 28.Ra1 Rc2 29.Kf3 Rb7
30.Rc1  1/2-1/2

[Event "Tel Aviv-B"]
[Site "Tel Aviv"]
[Date "1992.??.??"]
[Round "10"]
[White "Soffer, Ram"]
[Black "Afek, Yochanan"]
[Result "1-0"]
[WhiteElo "2450"]
[BlackElo "2340"]

1.d4 d5 2.c4 dxc4 3.Nf3 c5 4.Nc3 cxd4 5.Qxd4 Qxd4 6.Nxd4 Nf6 7.e4 e5 8.Ndb5 Kd8
9.Be3 Be6 10.O-O-O+ Nbd7 11.Bxa7 Kc8 12.Nd5 Bxd5 13.exd5 b6 14.d6 c3 15.g4 cxb2+
16.Kxb2 Nc5 17.Bg2 e4 18.g5 Nfd7 19.Rhe1 f5 20.gxf6 Nxf6 21.d7+ Nfxd7 22.Rxe4 Nxe4
23.Bxe4 Rb8 24.Rxd7 Kxd7 25.Bxb8 Bc5 26.Bg3 g5 27.f3 h5 28.Kc3 Bg1 29.h3 Rc8+
30.Kd3 Rc1 31.Nc3 Bc5 32.Bf5+ Ke7 33.Ne4 Ra1 34.Be5 Rxa2 35.Nxg5 Bd6 36.Bc3 b5
37.Ne4 b4 38.Bf6+ Kf7 39.Kc4 Ra3 40.Bb2 Rxf3 41.Ng5+  1-0

[Event "Warsaw op"]
[Site "Warsaw"]
[Date "1992.??.??"]
[Round "5"]
[White "Naumkin, Igor"]
[Black "Kolasinski, Marek"]
[Result "1-0"]
[WhiteElo "2460"]
[BlackElo "2315"]

1.d4 d5 2.c4 dxc4 3.Nf3 a6 4.e3 Nf6 5.Bxc4 e6 6.a4 c5 7.O-O Nc6 8.Qe2 cxd4
9.Rd1 Be7 10.exd4 O-O 11.Nc3 Nb4 12.Ne5 b6 13.Qf3 Nfd5 14.Qg3 Bh4 15.Qg4 f5
16.Qe2 Bf6 17.Nxd5 Nxd5 18.Ra3 Bb7 19.Rh3 g6 20.Rg3 Re8 21.Nxg6 hxg6 22.Rxg6+ Kf7
23.Qh5 Rh8 24.Rh6+ Ke7 25.Rh7+ Kd6 26.Bxd5  1-0

[Event "Zalakaros op"]
[Site "Zalakaros"]
[Date "1992.??.??"]
[Round "3"]
[White "Kiss, Pal"]
[Black "Vaulin, Alexander"]
[Result "1/2-1/2"]
[WhiteElo "2410"]
[BlackElo "2520"]

1.d4 d5 2.c4 dxc4 3.Nf3 c5 4.d5 e6 5.Nc3 Nf6 6.e4 exd5 7.e5 Nfd7 8.Bg5 Be7
9.Bxe7 Qxe7 10.Nxd5 Qd8 11.Bxc4 Nc6 12.Qa4 Nb6 13.Nxb6 Qxb6 14.O-O-O O-O
15.Rhe1 Bf5 16.e6 fxe6 17.Bxe6+ Bxe6 18.Rxe6 Qc7 19.Qc4 Qf4+ 20.Qxf4 Rxf4
21.Rd7 Raf8 22.Red6 Rg4 23.Rxb7 Rxg2 24.Rxc6 Rxf3  1/2-1/2

[Event "Zalakaros op rap"]
[Site "Zalakaros"]
[Date "1992.??.??"]
[Round "5"]
[White "Farago, Ivan"]
[Black "Kallai, Gabor"]
[Result "1-0"]
[WhiteElo "2510"]
[BlackElo "2455"]

1.d4 d5 2.c4 dxc4 3.Nf3 c5 4.d5 e6 5.Nc3 exd5 6.Qxd5 Qxd5 7.Nxd5 Na6 8.e4 Ne7
9.Bf4 Nxd5 10.exd5 b5 11.a4 Nb4 12.axb5 Nxd5 13.Bd2 Nb6 14.Ba5 Bb7 15.Ne5 Bd6
16.Nxc4 Nxc4 17.Bxc4 Bxg2 18.Rg1 Be4 19.Rxg7 Rf8 20.Bc3 Bxh2 21.Rg4 Bf3 22.Rh4 Bd6
23.Rh3 Bb7 24.Rxh7 Be4 25.Rh6  1-0

[Event "Alushta op"]
[Site "Alushta"]
[Date "1993.??.??"]
[Round "?"]
[White "Starosek, Konstantin"]
[Black "Maljutin, Evgeni"]
[Result "1-0"]
[WhiteElo "2450"]
[BlackElo "2505"]

1.d4 d5 2.Nf3 c5 3.c4 dxc4 4.d5 e6 5.Nc3 Ne7 6.e4 exd5 7.exd5 Nf5 8.Bxc4 Be7
9.O-O O-O 10.h3 Nd6 11.Bd3 c4 12.Be2 Bd7 13.Bf4 b5 14.a4 bxa4 15.Nd2 Na6
16.Bxd6 Bxd6 17.Nxc4 Bb4 18.Nxa4 Nc5 19.Nxc5 Bxc5 20.Rc1 Re8 21.Rc3 Rb8 22.b3 Qg5
23.Kh1 Re4 24.Nd2 Rd4 25.Rxc5 Rxd2 26.Qc1 Qh6 27.Bf3 Rd3 28.Qxh6 gxh6 29.Rc7 Bxh3
30.Be2 Rd2 31.Bc4 Bf5 32.Rxa7 Be4 33.Rd7 Bc2 34.Kg1 Bxb3 35.Rb1 Rd1+ 36.Rxd1 Bxd1
37.Rc7 Bb3 38.Kh2 Kg7 39.d6 Bxc4 40.Rxc4 Kf6 41.Rd4 Rd8 42.d7 Ke7 43.Kh3 Rxd7
44.Rxd7+ Kxd7 45.Kg4 Ke7 46.Kh5 Kf8 47.Kxh6 Kg8 48.Kg5 Kg7 49.Kf5 h6 50.f4 h5
51.Kg5 h4 52.Kxh4 Kg6 53.Kg4 f6 54.Kf3 Kh7 55.g4 Kg6 56.Ke3 Kf7 57.Kd4 Ke6
58.Kc5 Kd7 59.Kd5 Ke7 60.Kc6 Ke6 61.Kc7 Kd5 62.Kd7 Ke4 63.f5  1-0

[Event "Balatonbereny op"]
[Site "Balatonbereny"]
[Date "1993.??.??"]
[Round "6"]
[White "Burmakin, Vladimir"]
[Black "Lugovoi, Aleksei"]
[Result "1-0"]
[WhiteElo "2460"]
[BlackElo "2390"]

1.d4 d5 2.c4 dxc4 3.Nf3 c5 4.d5 Nf6 5.Nc3 b5 6.Nxb5 Bb7 7.Qa4 Nbd7 8.e4 Nxe4
9.Bf4 Nd6 10.Bxc4 a6 11.Na3 Qb6 12.O-O Qb4 13.Bb3 Qxa4 14.Bxa4 Bxd5 15.Ne5 Be6
16.Rfe1 Kd8 17.Bxd7 Bxd7 18.Nac4 Be6 19.Nb6 Ra7 20.b4 Rc7 21.Rac1 c4 22.Red1 c3
23.Nd5 Bxd5 24.Rxd5 e6 25.Rc5 Rb7 26.R5xc3 f6 27.Nc6+ Ke8 28.Na5 Rd7 29.Rc6 e5
30.Be3 Nb5 31.Rxa6 Nc3 32.Kf1 Nxa2 33.Rc8+ Kf7 34.b5 Bb4 35.Rxh8 Rd1+ 36.Ke2 Nc3+
37.Kf3 e4+ 38.Kg4  1-0

[Event "Balatonbereny op"]
[Site "Balatonbereny"]
[Date "1993.??.??"]
[Round "8"]
[White "Kopjonkin, Gennady"]
[Black "Csoke, Adrienn"]
[Result "1/2-1/2"]
[WhiteElo "2390"]
[BlackElo "2235"]

1.d4 d5 2.c4 dxc4 3.Nf3 c5 4.d5 e6 5.e4 exd5 6.exd5 Nf6 7.Bxc4 Bd6 8.O-O O-O
9.Nc3 a6 10.a4 Bg4 11.Bg5 Nbd7 12.Ne4 Be5 13.h3 Bxf3 14.Qxf3 Qc7 15.d6 Qb6
16.Rad1 Qxb2  1/2-1/2

[Event "Balatonfuzfo"]
[Site "Balatonfuzfo"]
[Date "1993.??.??"]
[Round "9"]
[White "Stajcic, Nikola"]
[Black "Kurucsai, Istvan"]
[Result "1-0"]
[WhiteElo "2270"]
[BlackElo "2240"]

1.d4 d5 2.c4 dxc4 3.Nf3 a6 4.a4 Nf6 5.Nc3 c5 6.d5 e6 7.e4 exd5 8.exd5 Bd6
9.Bxc4 O-O 10.O-O Bg4 11.h3 Bh5 12.Bg5 Nbd7 13.Ne4 Bxf3 14.Qxf3 Be5 15.Qb3 Rb8
16.Nxf6+ Bxf6 17.Bf4 Be5 18.Bxe5 Nxe5 19.Rfe1 Qd6 20.a5 Rbd8 21.Rad1 Nxc4
22.Qxc4 Rfe8 23.Rxe8+ Rxe8 24.Rc1 h6 25.g3 Re5 26.Rd1 Re7 27.h4 f5 28.h5 Re4
29.Qb3 Rb4 30.Qf3 f4 31.Re1 Rd4 32.Re8+ Kh7 33.Qg4 Qf6 34.Qc8 Rd1+ 35.Kg2 f3+
36.Kh2 g6 37.Qd7+ Qg7 38.Re7  1-0

[Event "Beersheba"]
[Site "Beersheba"]
[Date "1993.??.??"]
[Round "1"]
[White "Huzman, Alexander"]
[Black "Greenfeld, Alon"]
[Result "0-1"]
[WhiteElo "2520"]
[BlackElo "2590"]

1.d4 d5 2.Nf3 c5 3.c4 dxc4 4.d5 e6 5.Nc3 exd5 6.Qxd5 Qxd5 7.Nxd5 Bd6 8.Nd2 Ne7
9.Nxc4 Nxd5 10.Nxd6+ Ke7 11.Nxc8+ Rxc8 12.g3 Nb4 13.Bh3 Rd8 14.O-O N8c6 15.Be3 b6
16.Rfc1 a5 17.Bg2 Rac8 18.a3 Nd5 19.Bxc5+ bxc5 20.Rxc5 Ke6 21.Rac1 Nde7 22.Bxc6 Kd6
23.Rxa5 Nxc6 24.Ra6 Kd7 25.Rc3 Ne7 26.Ra7+ Ke8 27.Re3 Rd7 28.Ra5 f6 29.b4 Kf7
30.a4 Rc1+ 31.Kg2 Nc6 32.Rb5 Rc4 33.Rb3 Ra7 34.Rb6 Rxa4 35.b5 Nd8 36.Rd3 Rd4
37.Ra6 Rxd3 38.exd3 Rb4 39.Ra7+ Kg6 40.Rd7 Ne6  0-1

[Event "Berliner Sommer"]
[Site "Berlin"]
[Date "1993.??.??"]
[Round "?"]
[White "Zeller, Frank"]
[Black "Raetsky, Alexander"]
[Result "1/2-1/2"]
[WhiteElo "2290"]
[BlackElo "2405"]

1.d4 d5 2.c4 dxc4 3.Nf3 a6 4.e3 Nf6 5.Bxc4 e6 6.Qe2 c5 7.dxc5 Bxc5 8.O-O Nc6
9.a3 b5 10.Bd3 O-O 11.b4 Be7 12.Bb2 Bb7 13.Nbd2 Qd5 14.e4 Qh5 15.Rfd1 a5
16.bxa5 Nxa5 17.Rab1 Bc6 18.Nd4 Qxe2 19.Bxe2 b4 20.axb4 Bxb4 21.Nxc6 Nxc6
22.Bb5 Na7 23.Bxf6 Bxd2 24.Rxd2  1/2-1/2

[Event "Bled op"]
[Site "Bled"]
[Date "1993.??.??"]
[Round "?"]
[White "Stajcic, Nikola"]
[Black "Sermek, Drazen"]
[Result "0-1"]
[WhiteElo "2270"]
[BlackElo "2495"]

1.d4 d5 2.Nf3 c5 3.c4 dxc4 4.e3 cxd4 5.exd4 Be6 6.Na3 Nc6 7.Nxc4 Bd5 8.Be2 e6
9.O-O Be7 10.a3 Nf6 11.b4 O-O 12.Bb2 a6 13.Rc1 Rc8 14.Re1 b5 15.Nce5 Qb6
16.Nxc6 Rxc6 17.Rxc6 Qxc6 18.Ne5 Qb7 19.Bf1 Nd7 20.Nd3 Bf6 21.Qa1 Nb6 22.Nc5 Qa7
23.a4 Nxa4 24.Nxa4 bxa4 25.Qxa4 Bxd4 26.Bxd4 Qxd4 27.Rc1 g6 28.Bxa6 Ra8 29.Qd7 Qxb4
30.Rc7 Qf4 31.Rc8+ Kg7 32.Rxa8 Qe4 33.Rg8+ Kxg8 34.Qc8+ Kg7 35.Qc3+ e5 36.Bf1 Qd4
37.Qc7 Qa1 38.h3 Be6 39.Qc5 h5 40.Qb4 Qc1 41.Qb5 Qe1 42.Kh2 h4 43.Be2 Kf6
44.f3 Qf2 45.Kh1 Qd4 46.Qb1 Qe3 47.Qd1 Kg5 48.Bf1 f6 49.Bb5 Kf4 50.Kh2 Kg5
51.Kh1 Bf5 52.Bf1 Qf2 53.Be2 Kf4 54.Kh2 Qe3 55.Bf1 e4 56.fxe4 Qg3+ 57.Kh1 Bxe4
58.Qd4 Kg5 59.Qc5+ Qe5 60.Qe3+ Qf4 61.Qc5+ Bf5 62.Be2 Qd2 63.Bg4 Qe1+ 64.Kh2 Qe5+
65.Qxe5 fxe5 66.Be2 Kf4 67.Ba6 e4 68.Bb5 g5 69.Kg1 e3 70.Kh2 Bg6 71.Be2 Bc2  0-1

[Event "Budapest FS09 IM-B"]
[Site "Budapest"]
[Date "1993.??.??"]
[Round "?"]
[White "Portisch, Ferenc"]
[Black "Ben Menachem, Itzhak"]
[Result "1/2-1/2"]
[WhiteElo "2405"]
[BlackElo "2315"]

1.d4 d5 2.Nf3 c5 3.c4 dxc4 4.e3 Nf6 5.Bxc4 e6 6.O-O a6 7.Qe2 b5 8.Bb3 Bb7
9.a4 c4 10.Bc2 Nc6 11.axb5 axb5 12.Rxa8 Qxa8 13.Nc3 Qa5 14.e4 Nb4 15.d5 Nxc2
16.Qxc2 b4 17.Nd1 exd5 18.exd5 Nxd5 19.Re1+ Be7 20.Qf5 Qd8 21.Ng5 Nf6 22.Qb5+  1/2-1/2

[Event "Budapest FS12 GM"]
[Site "Budapest"]
[Date "1993.??.??"]
[Round "2"]
[White "Lengyel, Levente"]
[Black "Lugovoi, Aleksei"]
[Result "1/2-1/2"]
[WhiteElo "2380"]
[BlackElo "2390"]

1.Nf3 d5 2.d4 c5 3.c4 dxc4 4.e3 cxd4 5.Qxd4 Qxd4 6.Nxd4 Bd7 7.Bxc4 Nc6 8.O-O Nf6
9.b3 e6 10.Bb2 a6 11.Nd2 Rd8 12.Rfd1 Bb4  1/2-1/2

[Event "Budapest FS10 GM"]
[Site "Budapest"]
[Date "1993.??.??"]
[Round "3"]
[White "Lukacs, Peter"]
[Black "Sadler, Matthew"]
[Result "0-1"]
[WhiteElo "2485"]
[BlackElo "2535"]

1.d4 d5 2.c4 dxc4 3.Nf3 a6 4.e3 Nf6 5.Bxc4 e6 6.O-O c5 7.Bd3 cxd4 8.exd4 Be7
9.Bg5 O-O 10.Nc3 b5 11.a4 b4 12.Ne4 Bb7 13.Nc5 Bd5 14.Ne5 Nc6 15.Rc1 Nxe5
16.dxe5 Nd7 17.Bxe7 Qxe7 18.Nxd7 Qxd7 19.Re1 Rfd8 20.Re3 Rac8 21.Rxc8 Qxc8
22.h3 g6 23.a5 Qc7 24.Qf1 Qxa5 25.Bxa6 Qa2 26.Qe2 Ra8 27.Bd3 Qa1+ 28.Kh2 Ra2
29.Be4 Rxb2 30.Qf3 Bxe4 31.Rxe4 Qa7 32.Kg3 Qc5 33.Qf6 Rd2 34.Qf4 Qc3+ 35.Kh2 Qc2
36.Rxb4 Rxf2 37.Qg5 Qe2 38.Rb3 Kg7 39.Qg3 h5 40.h4 Rf1 41.Rd3 Re1  0-1

[Event "Budapest FS06 GM"]
[Site "Budapest"]
[Date "1993.??.??"]
[Round "4"]
[White "Dao Thien Hai"]
[Black "Brunner, Lucas"]
[Result "1/2-1/2"]
[WhiteElo "2560"]
[BlackElo "2455"]

1.d4 d5 2.c4 dxc4 3.Nf3 a6 4.e3 Nf6 5.Bxc4 e6 6.O-O c5 7.b3 Nbd7 8.a4 cxd4
9.Nxd4 Nb6 10.Be2 Bc5 11.Ba3 Qe7 12.Bxc5 Qxc5 13.Qc1 Qe7 14.Qa3 e5 15.Nf3 Bg4
16.Nc3 Nbd7 17.h3 Qxa3 18.Rxa3 Rc8 19.b4 Be6 20.Nd2  1/2-1/2

[Event "Budapest FS10 IM-B"]
[Site "Budapest"]
[Date "1993.??.??"]
[Round "4"]
[White "Eperjesi, Laszlo"]
[Black "Krizsany, Laszlo"]
[Result "1/2-1/2"]
[WhiteElo "2315"]
[BlackElo "2370"]

1.d4 d5 2.c4 dxc4 3.Nf3 c5 4.e3 cxd4 5.Nxd4 e5 6.Nb5 a6 7.Qxd8+ Kxd8 8.N5c3 Be6
9.Nd2 Nd7 10.Bxc4 Bxc4 11.Nxc4 Rc8 12.Nd2 Ngf6 13.Ke2 Bb4 14.Ndb1 Ke7 15.a3 Bd6
16.e4 Ke6 17.Bg5 Bc5 18.f3 Bd4 19.Rc1 Rc6 20.Nd1 Rxc1 21.Bxc1 Nc5 22.Nbc3 Nb3
23.Rb1 Rd8 24.Bg5  1/2-1/2